000 01012nac a22002897a 4500
001 BR8200237
003 BR-BrBNA
005 20240105115217.0
008 230509b bl.|||m| |||| 00| 0 por d
040 _aBR-BrBNA
_bpor
_cBiblioteca Nacional de Agricultura
072 _aF30
090 _a0716 BR8200237
100 1 _aFeliciano, A.J.
100 1 _aBassols, M. do C.
100 1 _aNakasu, B.H.
110 1 _aUnidade de Execucao de Pesquisa de Ambito Estadual de Cascata, RS (Brasil)
_910359
245 1 _aSulina; nova cultivar de pessego para mesa [Prunus persica; Brasil]
246 1 _a["Sulina"; a new peach cultivar for table [Prunus persica; Brazil]]
260 3 _aCascata, RS (Brasil):
_c1981.
300 _a9 p.
490 _aDocumentos - Unidade de Execucao de Pesquisa de Ambito Estadual de Cascata (Brazil)
_vno. 5
_x
650 _aMelhoramento genetico vegetal
650 _aPessego
650 _aVariedade
909 _a202312
_bLúcia Elande
_c55
_dLúcia Elande
942 _2AGRIS
_n0
_cMS
999 _c273679
_d273679